000 00891nam a2200241Ii 4500
003 JO-AjNU
005 20240110132238.0
008 230605s9999||||xx |||||||||||||| ||und||
017 _a1996/2/240
040 _aJO-AjNU
_bara
_erda
_cJO-AjNU
041 _aara
050 1 4 _aTH153.M3512 1996
100 3 _aبرجر، كوينز... واخرون؛ ترجمه رزق نمر حماد ؛ مراجعة سليم الفقية ,
_eauthor
_937170
245 0 0 _aالدليل الهندسي تصميم المساكن والمباني في المناطق المدارية، ج1
250 _aط1
264 3 1 _aعمان: الجامعة الاردنية ، 1996
300 _aج1، 474ص
336 _atext
_btxt
_2rdacontent
337 _aunmediated
_bn
_2rdamedia
338 _avolume
_bnc
_2rdacarrier
650 4 _aالهندسة المدنية-مواصفات البناء
_937171
942 _2lcc
_cBK
999 _c19075
_d19075